[Event "Uppsala Young Champions 2015"]
[Site "Vaksala torg, Uppsala, Sweden"]
[Date "2015.10.31"]
[Round "5.4"]
[White "Fossan, Andreas"]
[Black "Jappinen, Erland"]
[Result "1-0"]
[WhiteElo "1911"]
[BlackElo "1729"]

1.d4 d5 2.c4 e6 3.Nc3 Nf6 4.cxd5 exd5 5.Bg5 c6 6.Qc2 Nbd7 7.e3 Bd6 8.Bd3 
h6 9.Bh4 O-O 10.Nge2 Re8 11.Bg3 Nf8 12.O-O Ne6 13.Rad1 Ng5 14.a3 Nge4 15.
Bxd6 Qxd6 16.Nxe4 Nxe4 17.f3 Nf6 18.e4 dxe4 19.fxe4 Ng4 20.e5 Qd8 21.Rf3 
Qb6 22.Kh1 Qd8 23.h3 Qh4 24.Kg1 h5 25.hxg4 Bxg4 26.Rf4 Qg5 27.Rdf1 Bh3 28.
Nc3 c5 29.Ne4 Qd8 30.Nd6 cxd4 31.gxh3 Qg5+ 32.Qg2 Qxe5 33.Nc4 Qc5 34.Rxf7 
Re7 1-0

[Event "Uppsala Young Champions 2015"]
[Site "Vaksala torg, Uppsala, Sweden"]
[Date "2015.10.31"]
[Round "5.5"]
[White "Berntsen-Oybo, August"]
[Black "Kassani, Sam"]
[Result "0-1"]
[WhiteElo "1909"]
[BlackElo "2171"]

1.d4 Nf6 2.Nf3 e6 3.Bg5 c5 4.e3 Qb6 5.Qc1 Nc6 6.c3 d5 7.Bd3 Bd7 8.O-O Rc8 
9.Bxf6 gxf6 10.Nbd2 c4 11.Bc2 f5 12.Rb1 Qc7 13.Re1 b5 14.Nf1 h5 15.N3d2 
Bh6 16.f3 Ne7 17.e4 fxe4 18.fxe4 h4 19.Qd1 Qf4 20.Qf3 Qxf3 21.Nxf3 h3 22.
g3 Bc6 23.e5 a5 24.a3 Rb8 25.Ne3 Ng8 26.Ng4 Bf8 27.Ng5 Be7 28.Nh7 b4 29.
Nhf6+ Nxf6 30.Nxf6+ Kd8 31.Rf1 Kc7 32.Ng4 Be8 33.axb4 axb4 34.Ra1 Bg5 35.
Ra7+ Rb7 36.Rxb7+ Kxb7 37.Rf3 Bc1 38.cxb4 Bxb2 39.Rf4 Kb6 40.Nf2 Kb5 41.
Nd1 Ba1 42.Kf2 Kxb4 43.Ke3 c3 44.Rh4 Rf8 45.Rxh3 Ba4 46.Bxa4 Kxa4 47.Kd3 
Kb3 48.Ne3 Ra8 49.Rh7 Ra2 50.Nf1 c2 51.Nd2+ Ka4 52.Rxf7 c1=Q 53.Ra7+ Kb5 
54.Rxa2 Qc3+ 55.Ke2 Qxd4 56.Ra3 Qxe5+ 57.Re3 Qh5+ 58.Nf3 e5 59.Kf1 e4 60.
Rb3+ Kc5 61.Ne1 Qxh2 62.Rb8 Qxg3 63.Rc8+ Kd6 64.Rd8+ Ke6 65.Re8+ Kd7 66.
Rf8 Bc3 67.Ng2 Qd3+ 68.Kg1 Bd4+ 69.Kh2 Be5+ 70.Kg1 e3 0-1

[Event "Uppsala Young Champions 2015"]
[Site "Vaksala torg, Uppsala, Sweden"]
[Date "2015.10.31"]
[Round "5.6"]
[White "Ljunggren, Teddie"]
[Black "Samuelsson, Niclas"]
[Result "1/2-1/2"]
[WhiteElo "1829"]
[BlackElo "1912"]

1.e4 e6 2.d4 d5 3.exd5 exd5 4.Nf3 Nf6 5.Bd3 Bd6 6.O-O O-O 7.Re1 Bg4 8.Bg5 
Nbd7 9.Nbd2 c6 10.c3 Qc7 11.Qc2 Rfe8 12.h3 Bh5 13.Re3 Rxe3 14.Bxe3 Re8 15.
b3 Bf4 16.Re1 Bxe3 17.Rxe3 Rxe3 18.fxe3 Qg3 19.e4 dxe4 20.Bxe4 Bg6 21.Bxg6
hxg6 22.Ne4 Qf4 23.Nxf6+ Nxf6 24.Qd2 Qe4 25.Qe1 Qxe1+ 26.Nxe1 Ne4 27.c4 
Nc3 28.Nf3 Nxa2 29.Kf2 Nc1 30.Nd2 Nd3+ 31.Ke3 Nb4 32.g3 Kf8 33.Ne4 Ke7 34.
Nc5 b6 35.Ne4 f6 36.Nc3 Ke6 37.Ke4 Kd6 38.g4 Na6 39.h4 Nc7 40.Ne2 Ne6 41.
Nc3 a6 42.b4 c5 43.dxc5+ bxc5 44.b5 axb5 45.Nxb5+ Kc6 46.Na7+ Kb7 1/2-1/2

[Event "Uppsala Young Champions 2015"]
[Site "Vaksala torg, Uppsala, Sweden"]
[Date "2015.11.01"]
[Round "6.1"]
[White "Denisov, Vladislav"]
[Black "Moradi, Kimia"]
[Result "1-0"]
[WhiteElo "2082"]
[BlackElo "2033"]

1.e4 e5 2.Nf3 Nc6 3.Bb5 g6 4.O-O Bg7 5.c3 a6 6.Ba4 b5 7.Bb3 Nge7 8.d4 exd4
9.cxd4 d6 10.h3 Na5 11.Nc3 O-O 12.Bg5 h6 13.Bh4 Bb7 14.Re1 Qd7 15.Rc1 Rac8
16.a3 Nxb3 17.Qxb3 g5 18.Bg3 Kh8 19.a4 f5 20.axb5 g4 21.bxa6 Bxa6 22.hxg4 
fxg4 23.Nh4 Bxd4 24.Nd5 Kh7 25.Nxe7 Qxe7 26.Nf5 Qf6 27.Qa4 Bxb2 28.Qxa6 
Bxc1 29.Rxc1 Qd8 30.Qb7 Kh8 31.Bxd6 Rf7 32.Be5+ Kh7 33.Rc6 Rxf5 34.exf5 
Qd1+ 35.Kh2 g3+ 36.Kxg3 Rg8+ 37.Rg6 1-0

[Event "Uppsala Young Champions 2015"]
[Site "Vaksala torg, Uppsala, Sweden"]
[Date "2015.11.01"]
[Round "6.2"]
[White "Bit-Narva, David"]
[Black "Cardenas, William"]
[Result "1-0"]
[WhiteElo "2036"]
[BlackElo "1832"]

1.e4 e5 2.Nf3 Nc6 3.Bb5 a6 4.Ba4 Nf6 5.d3 b5 6.Bb3 Bc5 7.O-O d6 8.c3 h6 9.
h3 O-O 10.Re1 Bb6 11.Nbd2 Na5 12.Bc2 c5 13.Nf1 Nc6 14.Ng3 Re8 15.Nh4 d5 
16.Ngf5 dxe4 17.dxe4 Qxd1 18.Rxd1 Bxf5 19.Nxf5 Red8 20.Be3 Kf8 21.b4 Nd4 
22.cxd4 cxd4 23.Bc1 Rac8 24.Bd3 a5 25.Bd2 axb4 26.Bxb4+ Bc5 27.Bxc5+ Rxc5 
28.Rac1 Rdc8 29.Rxc5 Rxc5 30.Rb1 Rc3 31.Bxb5 g6 32.Ng3 Ra3 33.Bc4 Rc3 34.
Bb5 Ra3 35.Bc4 Rc3 36.Bb3 Nd7 37.Ne2 Rc5 38.Rc1 Ra5 39.f3 Nc5 40.Rd1 Rb5 
41.Nc1 f5 42.Nd3 Nxb3 43.Rb1 fxe4 44.fxe4 Ke7 45.axb3 Kf6 46.b4 h5 47.Rc1 
Rb6 48.Rc5 Ra6 49.b5 Ra3 50.Nxe5 Rb3 51.Nf3 d3 52.e5+ Ke7 53.Kf2 Rb2+ 54.
Ke3 Rxg2 55.Nd2 Rg3+ 56.Kd4 Rxh3 57.b6 Rh4+ 58.Kc3 Rh1 59.b7 Rc1+ 60.Kd4 
1-0

[Event "Uppsala Young Champions 2015"]
[Site "Vaksala torg, Uppsala, Sweden"]
[Date "2015.11.01"]
[Round "6.3"]
[White "Berglind, Axel"]
[Black "Fossan, Andreas"]
[Result "0-1"]
[WhiteElo "2078"]
[BlackElo "1911"]

1.c4 c5 2.Nf3 Nc6 3.g3 g6 4.Bg2 Bg7 5.O-O d6 6.Nc3 Bf5 7.d3 Qd7 8.Qa4 Rc8 
9.Bd2 Bh3 10.Rab1 Bxg2 11.Kxg2 h5 12.h4 Nh6 13.a3 O-O 14.b4 b6 15.Nd5 Nf5 
16.Bg5 f6 17.Bd2 e5 18.e4 Nfe7 19.Qb5 f5 20.Bg5 Nxd5 21.cxd5 fxe4 22.dxe4 
Qg4 23.Qd3 c4 24.Qe3 Nd4 25.Nh2 Qd7 26.Rfc1 b5 27.Rc3 Rf7 28.Rb2 Bf6 29.
Nf3 Nxf3 30.Bxf6 Rxf6 31.Qxf3 Rxf3 32.Rxf3 c3 33.Rc2 Qg4 34.Re3 Rc4 35.f3 
Qc8 36.Kh2 a5 37.Kg2 axb4 38.axb4 Rxb4 39.Rexc3 Rc4 40.Rxc4 bxc4 41.Kh2 c3
42.Kg2 Qc4 43.Kh3 Qb3 0-1

[Event "Uppsala Young Champions 2015"]
[Site "Vaksala torg, Uppsala, Sweden"]
[Date "2015.11.01"]
[Round "6.4"]
[White "Berntsen-Oybo, August"]
[Black "Nilsson, Joakim"]
[Result "0-1"]
[WhiteElo "1909"]
[BlackElo "2037"]

1.Nf3 Nf6 2.d4 e6 3.Bg5 Be7 4.e3 b6 5.Bd3 Bb7 6.Nbd2 O-O 7.O-O h6 8.Bh4 d5
9.c3 c5 10.Rc1 Nbd7 11.Ne5 Nxe5 12.dxe5 Ne4 13.Bxe7 Qxe7 14.f3 Nxd2 15.
Qxd2 Rfd8 16.Rcd1 Bc6 17.Qf2 b5 18.f4 f5 19.exf6 Qxf6 20.Qg3 Rab8 21.Qg6 
a5 22.Qxf6 gxf6 23.a3 b4 24.axb4 axb4 25.Rd2 bxc3 26.bxc3 Rb3 27.Rc1 Kf8 
28.Kf2 Ke7 29.Be2 e5 30.g4 Ra3 31.Bf3 e4 32.Be2 Rb8 33.c4 d4 34.Kg2 Rxe3 
35.Ra2 Reb3 36.Ra7+ R8b7 37.Rxb7+ Bxb7 38.Kf1 e3 39.Bd1 Rb2 40.Be2 Be4 41.
Rd1 Bg2+ 42.Ke1 Bh3 43.Ra1 Rb7 44.Rc1 Bg2 45.Ra1 Be4 46.Rd1 Rb3 47.Ra1 d3 
48.Bd1 Rb6 49.Ra7+ Kd6 50.Ra1 Ke6 51.h4 Kd6 52.g5 fxg5 53.fxg5 hxg5 54.
hxg5 Ke5 55.Ra5 Kd4 56.Ra7 Rg6 57.Rd7+ Kc3 58.Re7 Rxg5 59.Kf1 e2+ 60.Bxe2 
dxe2+ 61.Kxe2 Bd3+ 62.Ke3 Bxc4 63.Rd7 Bb5 64.Rb7 c4 0-1

[Event "Uppsala Young Champions 2015"]
[Site "Vaksala torg, Uppsala, Sweden"]
[Date "2015.11.01"]
[Round "6.5"]
[White "Kassani, Sam"]
[Black "Ljunggren, Teddie"]
[Result "1-0"]
[WhiteElo "2171"]
[BlackElo "1829"]

1.d4 Nf6 2.Nc3 g6 3.Bg5 Bg7 4.e4 d6 5.Qd2 h6 6.Bf4 Nbd7 7.f3 a6 8.a4 c5 9.
d5 Nh5 10.Be3 Qa5 11.g4 Bxc3 12.bxc3 Nhf6 13.h3 b5 14.Kf2 h5 15.g5 Nh7 16.
f4 O-O 17.Nf3 Nb6 18.c4 Qxd2+ 19.Bxd2 b4 20.a5 Nd7 21.Bd3 f6 22.h4 Nb8 23.
Kg3 e5 24.dxe6 Bxe6 25.f5 Bf7 26.e5 gxf5 27.exf6 Bg6 28.Bf4 Rd8 29.Rhe1 
Ra7 1-0

[Event "Uppsala Young Champions 2015"]
[Site "Vaksala torg, Uppsala, Sweden"]
[Date "2015.11.01"]
[Round "6.6"]
[White "Samuelsson, Niclas"]
[Black "Jappinen, Erland"]
[Result "1/2-1/2"]
[WhiteElo "1912"]
[BlackElo "1729"]

1.Nf3 d5 2.d4 Nf6 3.Bf4 Bf5 4.e3 e6 5.Be2 c6 6.O-O Bd6 7.Ne5 O-O 8.c4 dxc4
9.Bxc4 Nd5 10.Bg3 Qe7 11.Nd2 Nb6 12.Be2 f6 13.e4 fxe5 14.dxe5 Bc7 15.exf5 
Rxf5 16.Bd3 Rf8 17.Ne4 N8d7 18.f4 Nd5 19.Ng5 Bb6+ 20.Kh1 h6 21.Qh5 Nxe5 
22.fxe5 Qxg5 23.Qh3 Qe7 24.Bh4 Qd7 25.Qg4 Rxf1+ 26.Rxf1 Rf8 27.Bh7+ Kxh7 
28.Rxf8 Ne3 29.Qe2 Nf5 30.Rxf5 exf5 31.e6 Qe8 32.Qe5 f4 33.e7 Be3 34.Be1 
c5 35.Bc3 Bd4 36.Bxd4 cxd4 37.Qf5+ Kg8 38.Qe6+ Kh7 39.Qf5+ 1/2-1/2

[Event "Uppsala Young Champions 2015"]
[Site "Vaksala torg, Uppsala, Sweden"]
[Date "2015.11.01"]
[Round "7.1"]
[White "Kassani, Sam"]
[Black "Denisov, Vladislav"]
[Result "1/2-1/2"]
[WhiteElo "2171"]
[BlackElo "2082"]

1.d4 Nf6 2.Nc3 d5 3.Bg5 Bf5 4.e3 e6 5.Bd3 Bxd3 6.Qxd3 c6 7.Nf3 Be7 8.Bxf6 
Bxf6 9.b4 Nd7 10.O-O O-O 11.Na4 Be7 12.c3 Bd6 13.Nc5 b6 14.Nxd7 Qxd7 15.a4
Qe7 16.e4 Rfd8 17.Rfe1 Rac8 18.Rad1 dxe4 19.Qxe4 h6 20.g3 Qc7 21.Kg2 Ra8 
22.Rb1 a5 23.b5 cxb5 24.Rxb5 Qxc3 25.g4 g6 26.Rxb6 Rac8 27.Re2 Qc7 28.Rb5 
Rb8 29.Rc2 Qa7 30.Rc6 Qa8 31.d5 Rbc8 32.Rxc8 Rxc8 33.Qd3 exd5 34.Rxd5 Bb4 
35.Rd7 Qc6 36.h3 1/2-1/2

[Event "Uppsala Young Champions 2015"]
[Site "Vaksala torg, Uppsala, Sweden"]
[Date "2015.11.01"]
[Round "7.2"]
[White "Fossan, Andreas"]
[Black "Bit-Narva, David"]
[Result "1/2-1/2"]
[WhiteElo "1911"]
[BlackElo "2036"]

1.d4 d6 2.c4 e5 3.Nf3 e4 4.Ng5 f5 5.Nc3 c6 6.d5 c5 7.g3 Be7 8.Nh3 Nf6 9.
Bg2 O-O 10.O-O Na6 11.f3 exf3 12.exf3 Nc7 13.Re1 Bd7 14.Bf1 Nh5 15.Nf4 
Nxf4 16.Bxf4 g5 17.Bd2 Ne8 18.Qc2 Bf6 19.Bd3 Ng7 20.Kh1 h6 21.f4 g4 22.Nd1
Bd4 23.Bc3 Qf6 24.Bxd4 Qxd4 25.Ne3 Rae8 26.Ng2 Rxe1+ 27.Rxe1 Re8 28.Rxe8+ 
Bxe8 29.Nh4 Bd7 30.Kg2 b6 31.b3 1/2-1/2

[Event "Uppsala Young Champions 2015"]
[Site "Vaksala torg, Uppsala, Sweden"]
[Date "2015.11.01"]
[Round "7.3"]
[White "Cardenas, William"]
[Black "Berglind, Axel"]
[Result "0-1"]
[WhiteElo "1832"]
[BlackElo "2078"]

1.d4 d5 2.c4 e6 3.Nf3 Nf6 4.Nc3 c6 5.Bg5 h6 6.Bxf6 Qxf6 7.e3 Nd7 8.Bd3 
dxc4 9.Bxc4 g6 10.O-O Bg7 11.Re1 O-O 12.e4 e5 13.d5 Nb6 14.Bb3 Bg4 15.Re3 
Rad8 16.Qe2 Rd6 17.h3 Bc8 18.Rd1 Rfd8 19.a4 Nd7 20.Ba2 h5 21.Nd2 Qe7 22.
Nc4 Rf6 23.d6 Qf8 24.a5 b5 25.axb6 axb6 26.Rf3 Ba6 27.Rxf6 Nxf6 28.Qe3 
Bxc4 29.Bxc4 b5 30.Bb3 Rxd6 31.Ra1 Rd7 32.Qb6 Qb4 33.Ra3 Rd2 34.Qb7 Nd7 
35.Qxc6 Qd4 36.Qxg6 Qxf2+ 37.Kh2 Nf8 38.Qg3 Qxg3+ 39.Kxg3 b4 40.Ra7 bxc3 
41.Bxf7+ Kh8 42.bxc3 Rd3+ 43.Kf2 Rxc3 44.Bxh5 Bh6 45.Ra8 Kg7 46.Ra7+ Kg8 
47.Bf7+ Kh8 48.Ra8 Kg7 49.Bd5 Bf4 50.Ra7+ Kh6 51.Ra6+ Kg5 52.Ra8 Ng6 53.
Rg8 Kf6 54.Ra8 Nh4 55.Ra6+ Kg5 56.Ra8 Rc2+ 57.Kf1 Bg3 58.Rg8+ Ng6 59.Ra8 
Rf2+ 60.Ke1 Rxg2+ 61.Kd1 Bf4 62.Rg8 Kf6 63.Re8 Nh4 64.Rf8+ Ke7 65.Rf7+ Ke8
66.Rh7 Nf3 67.Rh8+ Ke7 68.Rh7+ Kd6 69.Bb7 Rd2+ 70.Kc1 Nd4 71.Bd5 Ne2+ 72.
Kb1 Nc3+ 73.Ka1 Be3 74.Rb7 Bd4 0-1

[Event "Uppsala Young Champions 2015"]
[Site "Vaksala torg, Uppsala, Sweden"]
[Date "2015.11.01"]
[Round "7.4"]
[White "Nilsson, Joakim"]
[Black "Samuelsson, Niclas"]
[Result "1-0"]
[WhiteElo "2037"]
[BlackElo "1912"]

1.e4 c5 2.Nf3 Nc6 3.Bb5 g6 4.O-O Bg7 5.d3 d6 6.c3 Bd7 7.Re1 Nf6 8.h3 O-O 
9.Nbd2 a6 10.Ba4 b5 11.Bc2 b4 12.c4 Ne8 13.Ba4 Nd4 14.Bxd7 Qxd7 15.Nf1 Nc7
16.Nxd4 Bxd4 17.Rb1 f5 18.Be3 e5 19.Bxd4 cxd4 20.Qb3 Qf7 21.Nd2 Ne6 22.
exf5 Qxf5 23.Ne4 Nc5 24.Qc2 Nxe4 25.Rxe4 a5 26.Rbe1 Rac8 27.R1e2 Rc5 28.
Qd2 Kg7 29.Qe1 Rc7 30.f3 Qg5 31.Qd2 Qxd2 32.Rxd2 g5 33.h4 h6 34.hxg5 hxg5 
35.Kf2 Kg6 36.Rd1 Rh8 37.Ree1 a4 38.Rh1 Rch7 39.Rxh7 Rxh7 40.Rc1 Rc7 41.
Kg3 Kf5 42.Rh1 d5 43.cxd5 Rc2 44.Rh6 Rc7 45.Rb6 a3 46.Rxb4 axb2 47.Rxb2 
Rc3 48.Rd2 Rc5 49.a4 Rxd5 50.Ra2 Ra5 51.Ra3 Rc5 52.a5 Rc3 53.Ra1 Rc7 54.a6
Ra7 55.Ra5 g4 56.fxg4+ Ke6 57.g5 e4 58.dxe4 d3 59.Kf2 Kd6 60.Ke3 Kc6 61.g6
Kb6 62.Ra2 1-0

[Event "Uppsala Young Champions 2015"]
[Site "Vaksala torg, Uppsala, Sweden"]
[Date "2015.11.01"]
[Round "7.5"]
[White "Moradi, Kimia"]
[Black "Berntsen-Oybo, August"]
[Result "1-0"]
[WhiteElo "2033"]
[BlackElo "1909"]

1.e4 c5 2.c3 e6 3.d4 d5 4.exd5 Qxd5 5.Nf3 Nc6 6.Be3 cxd4 7.cxd4 Bb4+ 8.Nc3
Qa5 9.Qc2 Nf6 10.Bd3 O-O 11.O-O h6 12.a3 Bxc3 13.bxc3 Bd7 14.Rfb1 Qc7 15.
Qc1 Ng4 16.Bf4 e5 17.dxe5 Ncxe5 18.Nxe5 Nxe5 19.Qe3 Rfe8 20.Re1 f6 21.Qe4 
Qxc3 22.Qh7+ Kf8 23.Bxe5 Rxe5 24.Rec1 Qd4 25.Qh8+ Kf7 26.Qxa8 Qxd3 27.Qxb7
Rd5 28.Qxa7 Kg6 29.a4 Rg5 30.f4 Rxg2+ 31.Kxg2 Qh3+ 32.Kg1 Qg4+ 33.Kf1 Qf3+
34.Qf2 Bh3+ 35.Kg1 1-0

[Event "Uppsala Young Champions 2015"]
[Site "Vaksala torg, Uppsala, Sweden"]
[Date "2015.11.01"]
[Round "7.6"]
[White "Jappinen, Erland"]
[Black "Ljunggren, Teddie"]
[Result "1-0"]
[WhiteElo "1729"]
[BlackElo "1829"]

1.e4 c5 2.d4 cxd4 3.c3 dxc3 4.Nxc3 e6 5.Nf3 a6 6.Bc4 b5 7.Bb3 Bc5 8.O-O 
Nc6 9.Qe2 Nge7 10.Rd1 Qb6 11.Bf4 Nd4 12.Nxd4 Bxd4 13.Rac1 O-O 14.Qd2 Nc6 
15.Bg3 Bb7 16.Ne2 Be5 17.Bxe5 Nxe5 18.Qf4 d6 19.Rc3 Rad8 20.Rh3 Ng6 21.Qg4
d5 22.e5 h6 23.Rg3 Kh8 24.Bc2 Rc8 25.Bxg6 fxg6 26.Nf4 g5 27.Ng6+ Kh7 28.
Nxf8+ Rxf8 29.Rf3 Rc8 30.Rc3 Rf8 31.Qd4 Qa5 32.a3 Rf4 33.Qd3+ Kg8 34.b4 
Qd8 35.Rdc1 Qf8 36.Rc7 Rxf2 37.Rxb7 Ra2 38.Rf1 Qxf1+ 1-0